000 00820cab a2200241 4500
001 WB3521-36
008 090401t1999 xxu||||| |||| 00| 0 eng d
035 _a(Sirsi) u93714
041 _aeng
245 _aSplit over GM crops
260 _c1999
350 _a0
490 _aTimes
_v2 June 1999, 6(1)
520 _aThe organic farming community is split over GM crops, with some groups prepared to accept limited pollen contamination of organic fields. The Soil Association wants a six mile exclusion zone around organic farms whilst the government proposes a 200 metre limit. Map.
650 _aCROSS POLLINATION
650 _aFARMERS
650 _aGENETICALLY MODIFIED CROPS
650 _aORGANIC FARMS
650 _aSOIL ASSOCIATION
690 _aRURAL PRACTICE
942 _n0
948 _c02/06/1999
999 _c59405
_d59405